Georgia: Overview (Record no. 1644)

000 -LEADER
fixed length control field 00576nam a22001937a 4500
003 - CONTROL NUMBER IDENTIFIER
control field OSt
005 - DATE AND TIME OF LATEST TRANSACTION
control field 20210423060246.0
008 - FIXED-LENGTH DATA ELEMENTS--GENERAL INFORMATION
fixed length control field 210222s1993 ||||| |||| 00| 0 eng d
040 ## - CATALOGING SOURCE
Original cataloging agency eng
Language of cataloging eng
Transcribing agency DLC
041 ## - LANGUAGE CODE
Language code of text/sound track or separate title eng
Language code of original geo
080 ## - UNIVERSAL DECIMAL CLASSIFICATION NUMBER
Universal Decimal Classification number 94 (479.22)
Item number M-61
100 ## - MAIN ENTRY--PERSONAL NAME
9 (RLIN) 1058
Personal name Metreveli, Roin
245 ## - TITLE STATEMENT
Title Georgia: Overview
Statement of responsibility, etc. / by: Tbilisi State University Press
260 ## - PUBLICATION, DISTRIBUTION, ETC.
Place of publication, distribution, etc. Tbilisi
Name of publisher, distributor, etc. Tbilisi State University Press
Date of publication, distribution, etc. 1993
300 ## - PHYSICAL DESCRIPTION
Extent 48 p.
Other physical details ill.
650 #0 - SUBJECT ADDED ENTRY--TOPICAL TERM
9 (RLIN) 240
Topical term or geographic name entry element History of Georgia
653 ## - INDEX TERM--UNCONTROLLED
Uncontrolled term საქართველოს ისტორია
942 ## - ADDED ENTRY ELEMENTS (KOHA)
Source of classification or shelving scheme
Koha item type Books
Holdings
Withdrawn status Lost status Source of classification or shelving scheme Damaged status Not for loan Permanent location Current location Date acquired Inventory number Total Checkouts Full call number Barcode Date last seen Price effective from Koha item type
          Ken Walker International University Ken Walker International University 02/22/2021 1312   94 (479.22) M-61 1312 02/22/2021 02/22/2021 Books

Powered by Koha